000 00608nam a22002057a 4500
005 20260121134238.0
008 260121b |||||||| |||| 00| 0 eng d
037 _cDSWL
040 _aDSWL
_cDSWL
041 _heng
084 _aYX.2 R1
100 _aDash, Bishnu Mohan
_9996076
245 _aIndian social worn
260 _aNew Delhi,
_bManohar Publication,
_c2021
300 _a197p
365 _aINR
_b1295
700 _aMithilesh Kumar, DP Singh &
_bSiddneshwar Shukla
_9996077
942 _2CC
_cTEXL
_hYX.2 R1
_n0
999 _c1563289
_d1563289